000 003970000a22001690004500
003 LK-CoMWRAF
008 230817t ||||| |||| 00| 0 eng d
040 _aLK-CoMWRAF
_dLK-CoMWRAF
_eLK-CoMWRAF
041 _aeng
082 _a750
_bTHA
100 _aThawfeeq, M.M.
245 _aThe moorish connection
_b
260 _aColombo
_bMICH
_c1976
300 _ap.36
650 _amuslims
942 _cBK
999 _c2602
_d2602